| 000 | 00627nam a2200241Ia 4500 | ||
|---|---|---|---|
| 003 | OSt | ||
| 005 | 20221005043531.0 | ||
| 006 | a|||||r|||| 00| 0 | ||
| 007 | ta | ||
| 008 | 221004b |||||||| |||| 00| 0 eng d | ||
| 024 | _a46185 | ||
| 037 | _cTextual | ||
| 040 |
_aCRL _cCRL _beng |
||
| 041 |
_2eng _aeng |
||
| 082 | _aQ:26, M4 | ||
| 100 |
_aMaxwell James A Ed. _9591645 |
||
| 245 | 0 | _aGreat people of faith and wisdom | |
| 260 |
_aGermany _bNew Reader's digest _c1984 |
||
| 300 |
_a416p _ccm. |
||
| 650 | _aRELIGION | ||
| 942 |
_hQ:26, M4 _cTEXL _2cc |
||
| 999 |
_c951986 _d951986 |
||